00663nam a2200169Ia 450000500170000000800410001702000150005808200130007310000170008624500460010326000550014930000220020450001510022694200060037795200950038399900150047820241119001814.0240331s9999 xx 000 0 und d a000435642X bSHAa823 aAlexandra, P 0aWilliam Shakespeare :bThe complete works aLondon and GlasgowbHarperCollins Publishersc1951 axxxii, 1376 p .,  aThe Alexander text of The complete works of William Shakespeare was chosen by the BBC as the basis for its major production of the complete plays. cL 001040708LaWERCLbWERCLcSSCd2024-03-31l0o 823 SHAp1374r2024-03-31w2024-03-31yL c4442d4442